Normal view
MARC view
Entry Personal Name
001 - CONTROL NUMBER
- control field: 345680
003 - CONTROL NUMBER IDENTIFIER
- control field: OSt
005 - DATE AND TIME OF LATEST TRANSACTION
- control field: 20220926042000.0
008 - FIXED-LENGTH DATA ELEMENTS
- fixed length control field: 220926|| aca||aabn | a|a d
040 ## - CATALOGING SOURCE
- Original cataloging agency: OSt
- Transcribing agency: OSt
100 ## - HEADING--PERSONAL NAME
- Personal name: India Textile Enquiry Committee
670 ## - SOURCE DATA FOUND
- Source citation: Work cat.: (OSt)668568: India Textile Enquiry Committee 345678, Report of the Textile enquiry committee, 1958
